1979 1711 1858 1640 1975 1838 1458 1268 1360 1315 1105 1173 1065 1460 1934 1585 1844 1773 1603 1640 1541 1131 1814 1928 1503 1740 1849 1337 1340 1882 1089 1186 1761 1634 1371 1942 1752 1911 1474 1740 1080 1585 1392 1845 1720 1005 1192 1742 1150 1317 1650 1433 1332 1968 1181 1784 1186 1192 1291 1310 1763 1819 1507 1908 1937 1178 1484 1988 1955 1623 1662 1398 1776 1426 1628 1076 1052 1346 1457 1217 1479 1980 1005 1780 1921 1096 1810 1431 1085 1652 1594 1104 1625 1205 1704 1474 1818 1146 1420 BCNSPRNW ULIB Ver.6.0+V

เปลี่ยนเป็นภาษาไทย

Change to English
 แสดงรายละเอียดบรรณานุกรม
  กลับหน้าหลัก

Brief Record : Get Marc (ISO 2709) : E-mail record : QR code < ปิดหน้าต่าง
LEADER : 00000nam 2200000uu 4500
001    13399123618
003     ULIB
008    141019s2552||||th 000 0 tha d
099    วจ.PE1116^bจ262ผ
100 0  จันทร์จิรา เจียรณัย
245 00 ผลของการสอนภาษาอังกฤษบูรณาการกับพยาบาลบุคคลที่มีปัญหาสุขภาพต่อความพึงพอใจและผลสัมฤทธิ์ทางการเรียน ของนักศึกษาพยาบาลศษสตร์ วิทยาลัยพยาบาลบรมราชชนนี สุรินทร์/^cจันทร์จิรา เจียรณัย
260    สุรินทร์:^b,วิทยาลัยพยาบาลบรมราชชนนี สุรินทร์^c2552
945    ^p0^l0^i025772
999    ^aเกษร โพธิ์สุวรรณ
รายการนี้ยังไม่มีแท็ก
คุณยังไม่ได้ล็อกอิน คุณสามารถมีกิจกรรมร่วมกับเว็บไซต์ได้ แต่ต้องล็อกอินก่อน ::
  ล็อกอิน

รายการสื่อสารสนเทศ

ลำดับที่ ประเภท เลขเรียก/บาร์โค้ด สถานที่ สถานะ
1. งานวิจัย
งานวิจัย
วจ.PE1116 จ262ผ ฉ.1 
  Barcode: 025772
ห้องสมุดวิทยาเขตสวรรค์ประชารักษ์
►วิจัย
บนชั้น

BibComment


ยังไม่เคยถูกคอมเมนท์

คอมเมนท์ทรัพยากรรายการนี้
  คอมเมนท์: ผลของการสอนภาษาอั..


 Copyright 2026. Bcnsprnw @Library